Las palabras callan.

Guardat en:
Dades bibliogràfiques
Autor principal: Polanco Salinas, Jorge (autor)
Format: Llibre
Publicat: Limache, Chile: Provincianos Editores, 2020.
Edició:Segunda edición
Matèries:
Etiquetes: Afegir etiqueta
Sense etiquetes, Sigues el primer a etiquetar aquest registre!

MARC

LEADER 00000cam a2200000 a 4500
001 UCF2591
003 CL-VaPUC
005 20230531074427.0
008 221212t2020 ||||| |||| 00| 0 eng d
999 |c 439618  |d 439616 
020 |a 978-956-09492-0-2 
040 |c Pontificia Universidad Católica de Valparaíso 
082 0 4 |a Ch861 POL 2020  |2 21 
100 0 |a Polanco Salinas, Jorge  |e autor  |9 564294 
245 1 4 |a Las palabras callan. 
250 |a Segunda edición 
260 |a Limache, Chile:  |b Provincianos Editores,  |c 2020. 
300 |a sin paginación. 
500 |a c.1. Donación Profesor Enrique Morales. Memo ART 11/2022 
583 |a last modification  |c 20120830 10:25:00  |k Catalogador Asistente 
650 0 |a Poesías chilenas   |9 265280 
650 0 |a Literatura chilena   |9 308278 
942 |c BK  |2 ddc 
952 |0 0  |1 0  |2 ddc  |4 0  |6 CH_861_000000000000000_POL_2020  |7 0  |8 A  |9 588219  |a BIBART  |b BIBART  |d 2022-12-12  |e Donación  |i 5656025  |o Ch861 POL 2020  |p 5656025  |r 2025-03-13  |t 1  |w 2022-12-12  |y BK  |k ART